Science Quiz

Random Science or Anatomy Quiz

Human Body Systems Quiz Stats

 Plays Quiz Updated Nov 21, 2014

Score 0/12 Timer 04:00
34 Plays Today
% Correct
Digestive
86%
Circulatory
85.4%
Nervous
83.2%
Respiratory
79.1%
Muscular
65%
Skeletal
64.6%
Reproductive
60.3%
Endocrine
59.1%
Urinary
58.2%
Lymphatic
43.7%
Integumentary
42.6%
Immune
41.1%

You're not logged in!

Compare scores with friends on all Sporcle quizzes.
OR
Log In

Sporcle TV

Today on Sporcle TV


Watch our educational content, quiz creation guides, and fun videos on Sporcle TV.

Show Comments

Extras

Top Quizzes Today


Score Distribution

Your Account Isn't Verified!

In order to create a playlist on Sporcle, you need to verify the email address you used during registration. Go to your Sporcle Settings to finish the process.

Report this User

Report this user for behavior that violates our Community Guidelines.

Details: